| 000 | 00342nam a2200121Ia 4500 | ||
|---|---|---|---|
| 008 | 151021s9999 xx 000 0 und d | ||
| 020 | _a9.7818533969e+012 | ||
| 245 | _a_Climate Change andGender Justice Geraldine Terry | ||
| 300 | _avii,201p. | ||
| 500 | _aIncludes Index | ||
| 650 | _a_Climate Change | ||
| 980 | _a^d20120112 11:37:27^okorir | ||
| 999 |
_c8367 _d8367 |
||